000 00317nam a2200157Ia 4500
100 _aStevens/Richard W
250 _a2
490 _v1
942 _cBK
654 _aUnix
245 _aUNIX Network Programming
260 _bPrentice Hall
_c1998
082 _a5.133
_bSTE
300 _a1009
546 _aENGLISH
999 _c28755
_d28755